• 首页
  • 本馆介绍
  • 公告通知
  • 最新文献
  • 馆藏检索
  • 电子资源
  • 读者导购
  • 参考咨询
  • 我的图书馆
  • 登录
  • 详细信息显示
  • 放入我的书架
  • 预约/预借图书
  • 作者相关作品
  • 分类相关作品
  • 丛书相关作品
  • 出版社相关作品

书目信息

  • 表格格式
  • 工作单格式
  • 卡片格式
书名: International encyclopedia of the social sciences
作者: David L. Sills, editor.
分册号:
分册名: ABIL TO BANK /
出版地: [New York] :
 
出版社: Macmillan
出版时间: [1968]-.
页数: v. <1-19 > :
开本: 29 cm.
丛书名:
中图分类号:
科图分类号:
其他分类号: Z2
主题词:
电子资源:
000 01542cam a2200361 450
001 E0753151402
005 20070425145540.50
008 680301m19689999nyua bd 001 0 eng
010    @a68010023
035    @A(DLC) 68010023
040    @aDLC@cDLC@dDLC
050 00 @aH40.A2@bI5
082 00 @a300/.3/21@2 19
090    @aZ2
099    @dZ2@ex2:1
245 00 @aInternational encyclopedia of the social sciences.@n1,@pABIL TO BANK / @cDavid L. Sills, editor.
260    @a[New York] :@bMacmillan,@c[1968]-.
300    @av. <1-19 > :@billus. ;@c29 cm.
500    @aVol. 18, published by the Free Press, New York, has subtitle: Biographical supplement; v. 19 has subtitle: Social science quotations.
500    @aVol. 19- edited by David L. Sills, Robert K. Merton.
500    @aVol. 19 includes index.
504    @aIncludes bibliographies.
650  0 @aSocial sciences@xDictionaries.
700 1  @aMerton, Robert King,@d1910-2003
700 1  @aSills, David L.
906    @a7@bcbc@corignew@du@encip@f19@gy-gencatlg
952    @aChoice/form AACR2: bt07 05-08-90
991    @br-G&MRR@hH40.A2@iI5@tCopy 999@wGenBib bi 93-011083
991    @br-MRR@hH40.A2@iI5@tCopy 9@mAlc@wGenBib bi 87-004680
991    @br-MRR@hH40.A2@iI5 vol. 19@tCopy 9@wGenBib bi 87-004680
991    @bc-GenColl@hH40.A2@iI5@tCopy 1@wBOOKS
991    @br-CatRef@hH40.A2@iI5 c. 5@tCopy C@mPSSASSCD (LM525)@zCatRef has: vik, 18 Biographical Suppl.@wGenBib bi 95-014315
991    @br-BusRR@hH40.A2@iI5@tCopy 3@wGenBib bi 87-004680
    
    International encyclopedia of the social sciences.. 1,. ABIL TO BANK / / David L. Sills, editor.-[New York] : : Macmillan, , [1968]-.
    v. <1-19 > : : illus. ; ; 29 cm.
    Vol. 18, published by the Free Press, New York, has subtitle: Biographical supplement; v. 19 has subtitle: Social science quotations.-Vol. 19- edited by David L. Sills, Robert K. Merton.-Vol. 19 includes index.-Includes bibliographies.
    
    ISBN
    
●
相关链接 在E读中查询图书 在五车中查询图书 在当当中查询图书 在豆瓣中查询图书


正题名:International encyclopedia of the social sciences     索取号:Z2/x2:1         预约/预借

序号 登录号 条形码 馆藏地/架位号 状态 备注
1 5562   300055623   第二样本阅览室/ [索取号:Z2/x2:1] 在馆    
唐山师范学院图书馆 欢迎您!
大连网信软件有限公司© 版权所有